000 00318nam a22001337a 4500
008 181204b xxu||||| |||| 00| 0 eng d
020 _a9780896401600
041 _aeng
080 _23 TH
_a611
100 _a6
101 _aANA
245 _aPhtographic Aantomy Of The Human Body
_cYokochi.CH
942 _2udc
_cBK
999 _c52761
_d52761